00451 2200193 4500001002100000005001500021008004100036020001800077035001900095041000700114082000800121090001400129100001500143245001500158260001700173300002600190500001100216650003000227INLIS00000000000330020241224112710241224||||||||| | ||| |||| || |  a979-24-5670-8 0010-1224003300 aid0 a923 a923 SAL a0 aAgus Salim00aAhmad Yani bNuansac2007 a74 hlm.; ilus.: 20 cm aCet. 1 0aIlmu Sejarah dan Biografi